International travel and health (Record no. 9750)

MARC details
000 -LEADER
fixed length control field 00302pam a2200133 a 4500
020 ## - INTERNATIONAL STANDARD BOOK NUMBER
Terms of availability
041 ## - LANGUAGE CODE
Language code of original
082 ## - DEWEY DECIMAL CLASSIFICATION NUMBER
Classification number 614
Item number WHO
100 ## - MAIN ENTRY--PERSONAL NAME
Personal name WHO.
245 ## - TITLE STATEMENT
Title International travel and health
Medium Textual Documents
260 ## - PUBLICATION, DISTRIBUTION, ETC.
Place of publication, distribution, etc. [s.l]:
Name of publisher, distributor, etc. World Health Organization ,
Date of publication, distribution, etc. 2011.
300 ## - PHYSICAL DESCRIPTION
Extent 254.
930 ## - EQUIVALENCE OR CROSS-REFERENCE-UNIFORM TITLE HEADING [LOCAL, CANADA]
Uniform title 9757
Holdings
Withdrawn status Lost status Damaged status Not for loan Collection Home library Current library Date acquired Total Checkouts Full call number Barcode Date last seen Copy number Price effective from Koha item type
          Medical College, Pune Medical College, Pune 25/07/2014   614 WHO MCP-15498 06/02/2023 1 06/02/2023 Book